| 000 | 00443nam a22001697a 4500 | ||
|---|---|---|---|
| 005 | 20180813113838.0 | ||
| 008 | 160601b xxu||||| |||| 00| 0 eng d | ||
| 020 | _a981-240-638-7 | ||
| 041 | _aeng | ||
| 082 |
_b6511 _a658.3125 |
||
| 100 |
_aROSENFELD, PAUL AND OTHERS _94776 |
||
| 245 | _aIMPRESSION MANAGEMENT :building and enhancing reputation at work | ||
| 260 | _bThomson | ||
| 300 | _a238p, | ||
| 650 |
_aManagement _9241 |
||
| 942 | _cBK | ||
| 999 |
_c2302 _d2301 |
||